000 00302nam a22001337a 4500
008 170713b xxu||||| |||| 00| 0 eng d
020 _a9781551111797
041 _aeng
080 _a101
100 _a24
101 _aFIL
245 _aREADINGS IN THE PHILOSOPHY OF LAW
_cCULVER, K
942 _2udc
_cBK
999 _c20556
_d20556